| 000 | 00866cad a22002055a 4500 | ||
|---|---|---|---|
| 001 | E149505 | ||
| 008 | 100311e20100311xxk s000 0 eng d | ||
| 035 | _a(Sirsi) u149505 | ||
| 041 | 0 | _aeng | |
| 110 | 2 |
_aScotland _bScottish Government _95344 |
|
| 245 | 0 | 0 |
_aFinal results of the December 2009 agricultural survey _h[electronic resource] |
| 260 | _c2010 | ||
| 490 |
_aScottish Government News Release _v11 March 2010 |
||
| 520 | _aSets out the results of the December 2009 agricultural survey for Scotland, including separate tables for cattle, sheep, pigs, poultry, labour and crops. | ||
| 590 | _aKA | ||
| 651 | 4 |
_aScotland _y1999- |
|
| 690 | _aENVIRONMENTAL AND LAND CONSULTANCY-AGRIBUSINESS-AGRICULTURE | ||
| 856 | 4 | 0 |
_uhttps://www.scotland.gov.uk/Publications/2010/03/agricsurveydec2009 _zView the item free of charge at www.scotland.gov.uk... |
| 942 | _n0 | ||
| 999 |
_c82192 _d82192 |
||